[Event "ch-ROM"]
[Site "Predeal ROM"]
[Date "2006.12.04"]
[Round "8"]
[White "Posedaru,B"]
[Black "Manea,A"]
[Result "0-1"]
[WhiteElo "2178"]
[BlackElo "2376"]

1.d4 Nf6 2.c4 Nc6 3.Nc3 e5 4.d5 Ne7 5.e4 Ng6 6.Be3 Bb4 7.f3 Qe7 8.Qd2 O-O
9.O-O-O a6 10.h4 Nh5 11.Nge2 Ngf4 12.Bxf4 exf4 13.g4 fxg3 14.Bh3 d6 15.Qg5 Qxg5+
16.hxg5 g6 17.Bg4 Bxg4 18.fxg4 Ng7 19.Rhg1 f6 20.gxf6 Rxf6 21.Rxg3 Raf8 22.a3 Bxc3
23.Nxc3 Rf3 24.Rg2 Rf2 25.Rd2 Rxg2 26.Rxg2 g5 27.Kd2 Ne8 28.Ke3 Nf6 29.c5 Nd7
30.cxd6 cxd6 31.Ne2 Ne5 32.Nd4 Rf4 33.Nf5 Rf3+ 34.Ke2 Rb3 35.Kd1 Nc4 36.Rh2 Ne3+
37.Nxe3 Rxe3 38.Rh5 Rxe4 39.Rxg5+ Kf7 40.Kc2 Rf4 41.Kc3 h6 42.Rh5 Kg6 43.Rh4 Rf3+
44.Kc2 Re3 45.Rh2 Re4 46.Kd3 Rxg4 47.Re2 Kf7 48.Rc2 Rg1  0-1

[Event "13th Open A"]
[Site "Zadar CRO"]
[Date "2006.12.11"]
[Round "1"]
[White "Kovacevic,Bl"]
[Black "Levacic,P"]
[Result "1-0"]
[WhiteElo "2471"]
[BlackElo "2309"]

1.d4 Nf6 2.c4 Nc6 3.Nf3 e6 4.e3 g6 5.Nc3 d6 6.Be2 Bg7 7.e4 O-O 8.O-O e5 9.d5 Ne7
10.Ne1 Nd7 11.f3 f5 12.g4 Nf6 13.Nd3 c5 14.Bd2 Bd7 15.Nf2 h6 16.h4 a6 17.a3 Nh7
18.Kg2 Rb8 19.b4 Nc8 20.Rh1 b5 21.cxb5 axb5 22.h5 fxg4 23.fxg4 Qf6 24.Be3 c4
25.Qd2 gxh5 26.gxh5 Ng5 27.Ng4 Qe7 28.Raf1 Rxf1 29.Rxf1 Ra8 30.Qc1 Ra6 31.Rf2 Nb6
32.Bd1 Qd8 33.Kg3 Be8 34.Rf5 Nh7 35.Nxh6+ Kh8 36.Nf7+ Bxf7 37.Rxf7 Qg8 38.Rb7 Bh6+
39.Kh2 Bxe3 40.Qxe3 Na4 41.Bxa4 bxa4 42.Qh6 Ra8 43.Qg6 Qxg6 44.hxg6 Ng5 45.Kg3 Rg8
46.g7+ Kh7 47.b5 Kg6 48.b6 Nf7 49.Rc7 Kxg7 50.b7 Kf6+ 51.Kf2 Rb8 52.Nb5 c3
53.Ke2 c2 54.Kd2 Ng5 55.Nxd6  1-0

[Event "TCh-NED 2006-7"]
[Site "Netherlands NED"]
[Date "2006.12.16"]
[Round "4"]
[White "Janssen,Ru"]
[Black "Van Haastert,E"]
[Result "1/2-1/2"]
[WhiteElo "2485"]
[BlackElo "2395"]

1.d4 Nf6 2.c4 Nc6 3.Nf3 e6 4.a3 d6 5.Nc3 g6 6.g3 Bg7 7.Bg2 O-O 8.O-O Re8
9.b4 a6 10.Bb2 Rb8 11.Rc1 Bd7 12.d5 Ne7 13.Nd4 e5 14.Nb3 h5 15.c5 h4 16.Na5 h3
17.Bh1 dxc5 18.bxc5 c6 19.dxc6 bxc6 20.Nc4 Be6 21.Na4 Nd7 22.Ncb6 Nxb6 23.Nxb6 Nd5
24.Nc4 Nf4 25.gxf4 Qh4 26.Bxc6 Red8 27.Qa4 Qg4+ 28.Kh1 Qxe2 29.Qc2 Bxc4 30.Qxc4 Qxc4
31.Rxc4 Rxb2 32.Ba4 exf4 33.Rxf4 Rd3 34.Be8 Be5 35.Bxf7+ Kg7 36.Bc4 Rxa3
37.Re4 Rc3 38.Bxa6 Rxc5 39.Re3  1/2-1/2

[Event "6th Amplico AIG Life"]
[Site "Warsaw POL"]
[Date "2006.12.16"]
[Round "6"]
[White "Kempinski,R"]
[Black "Kuraszkiewicz,M"]
[Result "1-0"]
[WhiteElo "2590"]
[BlackElo "2317"]

1.d4 Nf6 2.c4 Nc6 3.g3 e6 4.Bg2 Bb4+ 5.Nc3 O-O 6.a3 Bxc3+ 7.bxc3 d6 8.Nf3 Qe8
9.O-O b6 10.c5 Bb7 11.cxd6 cxd6 12.Nd2 Rc8 13.Bb2 Na5 14.e4 Ba6 15.Re1 Nc4
16.Nxc4 Bxc4 17.a4 Qd7 18.a5 b5 19.Ba3 Rfd8 20.Qd2 Ne8 21.h3 Nc7 22.Kh2 Na6
23.f4 Qc7 24.g4 Bb3 25.Rec1 Bc4 26.Kh1 Nb8 27.f5 f6 28.g5  1-0

[Event "Sub-Zt 2.3.4"]
[Site "Bogota COL"]
[Date "2006.12.19"]
[Round "2"]
[White "Guerrero,JuC"]
[Black "Morales,Jo"]
[Result "1/2-1/2"]
[WhiteElo "2073"]
[BlackElo "2350"]

1.d4 Nf6 2.c4 Nc6 3.Nf3 d6 4.Nc3 g6 5.e4 Bg4 6.Be2 Bg7 7.Bg5 Bxf3 8.Bxf3 Nd7
9.Ne2 h6 10.Be3 Nb6 11.Rc1 e6 12.b3 Qf6 13.e5 dxe5 14.Bxc6+ bxc6 15.dxe5 Qf5
16.f4 g5 17.Ng3 Qg6 18.Qf3 O-O-O 19.O-O Rd3 20.Rce1 gxf4 21.Qxf4 Nd7 22.Qxf7 Qxf7
23.Rxf7 Bxe5 24.Bxa7 Bxg3 25.hxg3 c5 26.Rxe6 Kb7 27.Ree7 Kc6 28.Bxc5 Ra8
29.b4 Rxa2 30.Bf2 Rd1+ 31.Kh2 Rdd2 32.b5+ Kb7 33.Rxd7 Rxd7 34.Rxd7 Rxf2 35.c5 Kc8
36.Rd5 Kb7 37.g4 Rb2 38.b6 cxb6 39.cxb6 Kxb6  1/2-1/2

[Event "Masters"]
[Site "Singapore SIN"]
[Date "2006.12.26"]
[Round "1"]
[White "Dao Thien Hai"]
[Black "Ranola,Y"]
[Result "1/2-1/2"]
[WhiteElo "2557"]
[BlackElo "2414"]

1.d4 Nf6 2.c4 Nc6 3.Nc3 e5 4.d5 Ne7 5.g3 Ng6 6.Bg2 Bc5 7.Nf3 a6 8.h4 h5 9.Bg5 d6
10.Qc2 Nf8 11.b4 Ba7 12.c5 N8h7 13.Rd1 g6 14.Bc1 O-O 15.O-O Re8 16.Ba3 Bf5
17.e4 Bg4 18.Rc1 Nd7 19.Na4 b5 20.Nb2 a5 21.Nd3 Ndf6 22.Nh2 g5 23.f3 Bc8
24.Kh1 gxh4 25.gxh4 Nf8 26.bxa5 Ng6 27.Qf2 Nd7 28.f4 Qxh4 29.f5 Qxf2 30.Rxf2 Nf4
31.Rxf4 exf4 32.cxd6 cxd6 33.Bxd6 Be3 34.Rc2 Rxa5 35.e5 Ra6 36.Nb4 Rxd6 37.exd6 Nf6
38.Rc7 Bxf5 39.Nc6 Ne4 40.Nf3 Nxd6 41.Ne7+ Kf8 42.Nxf5 Nxf5 43.Ng5 Nd6 44.Rc6 Ke7
45.Ne4 Nxe4 46.Bxe4 Rd8 47.Kg2 Rd6 48.Kh3 Bf2 49.Bf3 Rg6 50.Bxh5 Rg3+ 51.Kh2 f3
52.Rc7+ Kd6 53.Rxf7 Rg2+ 54.Kh3 Rg3+ 55.Kh2 Rg2+ 56.Kh3 Rg3+ 57.Kh2 Rg2+  1/2-1/2

[Event "Masters"]
[Site "Singapore SIN"]
[Date "2006.12.28"]
[Round "5"]
[White "Xu Yuanyuan"]
[Black "Ranola,Y"]
[Result "0-1"]
[WhiteElo "2329"]
[BlackElo "2414"]

1.d4 Nf6 2.c4 Nc6 3.Nf3 e6 4.Nc3 Bb4 5.Bg5 h6 6.Bh4 g5 7.Bg3 Ne4 8.Rc1 d5
9.cxd5 exd5 10.Ne5 h5 11.Nxc6 bxc6 12.Qa4 Bxc3+ 13.bxc3 Bd7 14.Qa5 Rc8 15.f3 Nxg3
16.hxg3 Qe7 17.Qb4 h4 18.Qxe7+ Kxe7 19.gxh4 gxh4 20.Rb1 Rb8 21.Rb4 a5 22.Ra4 Rb5
23.e3 Rb1+ 24.Kf2 Rhb8 25.Rxa5 R8b2+ 26.Kg1 Rxf1+  0-1

[Event "Masters"]
[Site "Singapore SIN"]
[Date "2006.12.29"]
[Round "8"]
[White "Nguyen Ngoc Truongson"]
[Black "Ranola,Y"]
[Result "1/2-1/2"]
[WhiteElo "2534"]
[BlackElo "2414"]

1.d4 Nf6 2.c4 Nc6 3.Nc3 e5 4.d5 Ne7 5.g3 Ng6 6.Bg2 Bb4 7.Bd2 a5 8.a3 Bc5
9.h4 h6 10.e4 d6 11.h5 Ne7 12.b4 Ba7 13.Bf3 Bd7 14.Nge2 O-O 15.Qc1 Bg4 16.Bg2 Bxe2
17.Kxe2 c6 18.bxa5 cxd5 19.cxd5 Qxa5 20.Qb1 Bd4 21.Qd3 Ng4 22.Nb5 Qa6 23.Nxd4 Qxd3+
24.Kxd3 exd4 25.Kxd4 f5 26.f4 fxe4 27.Bxe4 Nf5+ 28.Bxf5 Rxf5 29.Ke4 Rf7 30.Kf3 Ne5+
31.Kg2 Nc4 32.Bb4 Rf5 33.Rhe1 Rxd5 34.Re7 Rd3 35.Rae1 b5 36.R1e4 Rf8 37.Kf2 Rf7
38.Re8+ Kh7 39.Rb8 Rd5 40.Kf3 Rxh5  1/2-1/2

[Event "Harmonie"]
[Site "Groningen NED"]
[Date "2006.12.30"]
[Round "9"]
[White "Degtiarev,E"]
[Black "Ernst,S"]
[Result "1/2-1/2"]
[WhiteElo "2393"]
[BlackElo "2512"]

1.d4 Nf6 2.c4 Nc6 3.Nc3 e5 4.d5 Ne7 5.h4 h5 6.Bg5 d6 7.e4 Nd7 8.Bd3 g6 9.Nge2 Bg7
10.Qd2 a6 11.f3 c5 12.a4 f6  1/2-1/2

[Event "Petrovskaya Ladya Open"]
[Site "Peterhof RUS"]
[Date "2007.01.10"]
[Round "8"]
[White "Hylapov,Va"]
[Black "Pyatin,A"]
[Result "0-1"]
[WhiteElo "2074"]
[BlackElo "2047"]

1.d4 Nf6 2.c4 Nc6 3.Nf3 e6 4.Bg5 Bb4+ 5.Nc3 d6 6.d5 Bxc3+ 7.bxc3 Ne7 8.Bxf6 gxf6
9.e4 e5 10.Nh4 f5 11.g3 fxe4 12.Bg2 Ng6 13.Nxg6 hxg6 14.Bxe4 b6 15.O-O Bh3
16.Bg2 Qd7 17.Qf3 O-O-O 18.Bxh3 Rxh3 19.Kg2 Rdh8 20.Rh1 f5 21.Kg1 e4 22.Qg2 Qg7
23.Rc1 Qh6 24.Rc2 Qh5 25.f3 exf3 26.Qf2 f4 27.gxf4 Qg4+ 28.Kf1 Qxf4 29.Qd4 Qf5
30.Rd2 Qb1+  0-1

[Event "14th Western Class Ch."]
[Site "Agoura Hills USA"]
[Date "2007.01.14"]
[Round "3"]
[White "Tanaka,C"]
[Black "Yermolinsky,A"]
[Result "0-1"]
[WhiteElo "2140"]
[BlackElo "2520"]

1.d4 Nf6 2.c4 Nc6 3.Nf3 e6 4.Nc3 Bb4 5.Bd2 O-O 6.e3 d6 7.Qc2 e5 8.d5 Ne7
9.Be2 Bf5 10.e4 Bxc3 11.exf5 Bxd2+ 12.Nxd2 c6 13.dxc6 Nxc6 14.Nb3 a5 15.O-O a4
16.Nd2 Nd4 17.Qd3 Qb6 18.Rab1 e4 19.Qe3 Qc5 20.g4 Rfe8 21.Bd1 h6 22.h4 h5
23.g5 Ng4 24.Bxg4 hxg4 25.f6 Qe5 26.fxg7 Nf5 27.Qc3 Qf4 28.c5 d5 29.h5 Qxg5  0-1

[Event "Stone Flower B"]
[Site "Nizhnij Tagil RUS"]
[Date "2007.01.19"]
[Round "5"]
[White "Shestakov,D"]
[Black "Pogromsky,M"]
[Result "0-1"]
[WhiteElo "2275"]
[BlackElo "2384"]

1.d4 Nf6 2.c4 Nc6 3.d5 Ne5 4.e4 Ng6 5.f4 e6 6.Bd3 exd5 7.cxd5 Bb4+ 8.Kf1 c6
9.d6 O-O 10.Nf3 Re8 11.Qc2 Qa5 12.e5 Nd5 13.a3 Ndxf4 14.Bxf4 Nxf4 15.Bxh7+ Kh8
16.Qf5 Qb5+ 17.Kf2 Bc5+ 18.Kg3 Ne2+ 19.Kh3 Re6 20.Nbd2 Rh6+ 21.Kg4 Be3 22.Qxf7 Kxh7
23.Ne4 Rg6+ 24.Kf5 Nf4 25.Neg5+ Kh6 26.Qf8 Rxg5+ 27.Nxg5 Ng6 28.Qe8 Qd3+  0-1

[Event "TCh-BEL 2006-7"]
[Site "Belgium BEL"]
[Date "2007.02.08"]
[Round "7"]
[White "Chabanon,JL"]
[Black "Hausrath,D"]
[Result "1-0"]
[WhiteElo "2417"]
[BlackElo "2526"]

1.d4 Nf6 2.c4 Nc6 3.Nf3 e6 4.g3 d5 5.Bg2 dxc4 6.Qa4 Bb4+ 7.Bd2 Nd5 8.Qb5 O-O
9.Qxc4 Nb6 10.Qd3 e5 11.Bxb4 Nxb4 12.Qd2 a5 13.a3 Nc6 14.dxe5 Qe7 15.Qc3 Nd5
16.Qc4 Nb6 17.Qe4 Re8 18.Nc3 Nxe5 19.Nxe5 Qxe5 20.Qxe5 Rxe5 21.O-O-O Re8
22.Rd4 c6 23.Rhd1 Be6 24.Be4 Kf8 25.Bc2 Nd5 26.Nxd5 Bxd5 27.e4 Be6 28.f4 f6
29.a4 Re7 30.R1d3 Rc8 31.Kd2 Rcc7 32.Kc3 Red7 33.Bb3 Rxd4 34.Rxd4 Bxb3 35.Kxb3 Ke7
36.Kc4 Rd7 37.Rxd7+ Kxd7 38.b4 axb4 39.Kxb4 Kd6 40.a5 h5 41.h4 f5 42.e5+ Kd5
43.Kb3 Kc5 44.Kc3 Kd5 45.Kb4 c5+ 46.Kc3 c4 47.Kb4 Kd4 48.e6 c3 49.e7 c2 50.e8=Q c1=Q
51.Qe5+ Kd3 52.Qxf5+ Ke2 53.Qxh5+ Kf1 54.Qb5+ Kg2 55.Qxb7+ Kxg3 56.Qxg7+ Kxh4
57.Qg5+ Kh3 58.Qf5+ Kg3 59.Qd3+ Kg4 60.Qe2+ Kh4 61.Qe7+ Kg4 62.Qe5 Qb1+ 63.Kc5 Qc2+
64.Kd6 Qd3+ 65.Ke7 Qa3+ 66.Kf7 Qa4 67.f5 Qd7+ 68.Kg6 Qd3 69.Qe6 Kf4 70.a6 Qg3+
71.Kf7 Qg1 72.Qd6+ Ke4 73.f6 Kf5 74.Qd7+ Kg5 75.a7 Qg2 76.Kf8 Kxf6 77.Qf7+ Ke5
78.Qg7+  1-0

[Event "ch-CZE"]
[Site "Praha CZE"]
[Date "2007.02.14"]
[Round "9"]
[White "Kociscak,J"]
[Black "Polak,T"]
[Result "0-1"]
[WhiteElo "2200"]
[BlackElo "2500"]

1.d4 Nf6 2.c4 Nc6 3.Nf3 e6 4.e3 g6 5.Be2 Bg7 6.O-O O-O 7.Nc3 Re8 8.Qc2 d6
9.Rd1 Bd7 10.a3 a5 11.e4 Qc8 12.e5 dxe5 13.Nxe5 Ne7 14.Bf4 Rd8 15.Bf3 Be8
16.Qb3 Nf5 17.d5 exd5 18.Nxd5 Nxd5 19.Rxd5 Nd4 20.Qd3 Nxf3+ 21.Qxf3 Rxd5
22.Qxd5 c6 23.Qe4 Qe6 24.Qd4 g5 25.Bg3 h5 26.h3 h4 27.Bh2 f6 28.Nd3 Bf7 29.c5 Re8
30.Bc7 Qc4 31.Qd7 a4 32.Ba5 Qd5 33.Qxd5 Bxd5 34.Bc3 Bc4 35.Nb4 Rd8 36.Re1 Kf7
37.Re4 Rd1+ 38.Kh2 Bb3 39.Rd4 Bf8 40.Rxd1 Bxd1 41.Bd4 Be7 42.Kg1 Bd8 43.Na2 Bc7
44.Nc3 Bc2 45.Kf1 Ke6 46.Ke1 Bb3 47.Ke2 Bf4 48.Kd3 f5 49.Be3 Bxe3 50.Kxe3 Ke5
51.f3 Bc4 52.Nxa4 f4+ 53.Kf2 Kd4 54.Nc3 Kxc5 55.Ne4+ Kd4 56.Ke1 b6 57.Nxg5 Kd3
58.b4 b5 59.Ne4 Kc2 60.Nd6 Be6 61.Ne4 Kb2 62.Nc5 Bb3 63.Kd2 Kxa3 64.Kc3 Bc4
65.Nd7 Bf1 66.Ne5 Bxg2 67.Ng6 Bxh3 68.Nxh4 c5 69.bxc5 b4+ 70.Kc2 Ka2  0-1

[Event "OCF Winter NAO FIDE Op"]
[Site "Stillwater USA"]
[Date "2007.02.19"]
[Round "6"]
[White "Jackson,T"]
[Black "West,V"]
[Result "1-0"]
[WhiteElo "2139"]
[BlackElo "2103"]

1.d4 Nf6 2.c4 Nc6 3.Nc3 e5 4.d5 Ne7 5.e4 Ng6 6.Be3 Bb4 7.f3 Bxc3+ 8.bxc3 O-O
9.Qd2 d6 10.Ne2 Nh5 11.g4 Nh4 12.Ng1 Nf6 13.Bg5 Ng6 14.h4 c6 15.h5 Nf4 16.Nh3 Re8
17.Nxf4 exf4 18.Qxf4 h6 19.Bxf6 gxf6 20.Qxh6 Re5 21.Bd3 cxd5 22.cxd5 Qb6
23.Ke2 Bd7 24.Rhb1 Qc7 25.Rc1 Qd8 26.Rab1 b6 27.Kd2 Rc8 28.f4 Re7 29.Qxf6  1-0

[Event "Masters"]
[Site "Bunratty IRL"]
[Date "2007.02.24"]
[Round "4"]
[White "McPhillips,K"]
[Black "Quinn,R"]
[Result "1/2-1/2"]
[WhiteElo "2185"]
[BlackElo "2044"]

1.d4 Nf6 2.c4 Nc6 3.Nf3 e6 4.a3 d6 5.Nc3 g6 6.e4 Bg7 7.Be2 O-O 8.O-O Re8
9.b4 e5 10.d5 Nd4 11.Be3 a5  1/2-1/2

[Event "Bundesliga 2006-7"]
[Site "Muelheim GER"]
[Date "2007.03.17"]
[Round "12"]
[White "Bromberger,S"]
[Black "Hausrath,D"]
[Result "1/2-1/2"]
[WhiteElo "2495"]
[BlackElo "2526"]

1.d4 Nf6 2.c4 Nc6 3.Nf3 e6 4.Nc3 Bb4 5.g3 O-O 6.Bg2 d6 7.O-O Bxc3 8.bxc3 Qe7
9.c5 dxc5 10.Ba3 Rd8 11.Bxc5 Qe8 12.Qc2 b6 13.Ba3 Bb7 14.e4 e5 15.d5 Na5
16.c4 Ba6 17.Nd2 c6 18.Rfc1 Rac8 19.Qa4 c5 20.Qc2 Nb7 21.Bb2 b5 22.Qc3 Nd7
23.Qa3 Nb8 24.cxb5 Bxb5 25.Qxa7 Na6 26.a4 Bd3 27.Qb6 Rb8 28.Qb3 c4 29.Qc3 f6
30.Nxc4 Nbc5 31.Nd2 Be2 32.Ba3 Nd3 33.Rcb1 Qd7 34.Qa5 Qa7 35.d6 Qxf2+ 36.Kh1 Qe3
37.Bf1 Nf2+ 38.Kg2 Ng4 39.Kh1 Nf2+ 40.Kg2 Ng4 41.Kh1 Nf2+  1/2-1/2

[Event "Bundesliga 2006-7"]
[Site "Muelheim GER"]
[Date "2007.04.01"]
[Round "15"]
[White "Von Herman,U"]
[Black "Hausrath,D"]
[Result "0-1"]
[WhiteElo "2364"]
[BlackElo "2526"]

1.d4 Nf6 2.c4 Nc6 3.Nc3 e5 4.d5 Ne7 5.Nf3 Ng6 6.h4 h5 7.g3 Bc5 8.Bg5 e4 9.Nd4 Ne5
10.Bg2 Nxc4 11.Nf5 e3 12.fxe3 O-O 13.Qb3 d6 14.Nxg7 Nxe3 15.Bf3 Kxg7 16.Ne4 Nxe4
17.Bxd8 Bb4+ 18.Qxb4 Nc2+  0-1

[Event "Easter Open"]
[Site "Oberhausen GER"]
[Date "2007.04.06"]
[Round "2"]
[White "Grosse Frintrop,G"]
[Black "Hausrath,D"]
[Result "0-1"]
[WhiteElo "2045"]
[BlackElo "2526"]

1.d4 Nf6 2.c4 Nc6 3.Nc3 e5 4.d5 Ne7 5.Bg5 Ng6 6.g3 Bc5 7.Nf3 h6 8.Bxf6 Qxf6
9.Bg2 Qa6 10.Qb3 f5 11.e4 f4 12.O-O fxg3 13.hxg3 O-O 14.Na4 Be7 15.c5 Kh7
16.Rad1 b5 17.Nc3 Bxc5 18.Nxb5 Qb6 19.Nc3 Qxb3 20.axb3 Rb8 21.Na4 Bb4 22.Rc1 Ba6
23.Rfd1 Be2 24.Nd2 Bxd1 25.Rxd1 d6 26.Bh3 Bxd2 27.Rxd2 Rxb3 28.Bf5 Rfb8 29.f4 exf4
30.Nc3 Kh8  0-1

[Event "ch-DEN"]
[Site "Aalborg DEN"]
[Date "2007.04.07"]
[Round "8"]
[White "Jakobsen,O"]
[Black "Jaksland,T"]
[Result "1-0"]
[WhiteElo "2379"]
[BlackElo "2297"]

1.d4 Nf6 2.c4 Nc6 3.Nf3 e6 4.a3 g6 5.Nc3 Bg7 6.e4 d6 7.d5 Ne5 8.Nxe5 dxe5
9.Be2 O-O 10.Bg5 h6 11.Be3 exd5 12.cxd5 Ne8 13.Qd2 Kh7 14.O-O Nd6 15.f3 Bd7
16.Rac1 Qe7 17.Rc2 Rfc8 18.Rfc1 f5 19.a4 a6 20.b3 Bf6 21.Bd3 Bg5 22.exf5 Bxf5
23.Bxg5 hxg5 24.Ne4 Bxe4 25.Bxe4 a5 26.Qd3 Qf7 27.Rc5 Kh6 28.Qd2 Qf4 29.Qe1 Qf7
30.Qc3 Qf4 31.Qd3 Qf7 32.h3 Qf4 33.Bxg6 Rg8 34.Be4 Rac8 35.R1c2  1-0

[Event "16th TCh-CRO"]
[Site "Sibenik CRO"]
[Date "2007.05.17"]
[Round "1"]
[White "Jovanic,O"]
[Black "Malada,V"]
[Result "0-1"]
[WhiteElo "2488"]
[BlackElo "2254"]

1.d4 Nf6 2.c4 Nc6 3.Nf3 e6 4.a3 d6 5.Nc3 g6 6.e4 Bg7 7.h3 O-O 8.Bg5 h6 9.Be3 a6
10.Bd3 Rb8 11.Rc1 e5 12.d5 Ne7 13.Qd2 g5 14.h4 g4 15.Ng1 h5 16.Nge2 Nh7 17.Ng3 f5
18.exf5 Qe8 19.Qc2 Qf7 20.Nce4 Nxf5 21.Nxf5 Bxf5 22.Ke2 Rbe8 23.b3 Qg6 24.Rhe1 Bh6
25.Bxh6 Qxh6 26.Kf1 Qg6 27.Re3 Nf6 28.Ng5 e4 29.Be2 c6 30.dxc6 bxc6 31.Rd1 d5
32.cxd5 cxd5 33.Bxa6 g3 34.Rxg3 Ng4 35.Bb7 e3 36.Bxd5+ Kg7 37.Qb2+ Kh6 38.Bc4 exf2
39.Rf3 Bd3+ 40.Bxd3 Qxd3+ 41.Rfxd3 Nh2+  0-1

[Event "25th Liechtenstein Open"]
[Site "Triesen LIE"]
[Date "2007.05.18"]
[Round "8"]
[White "Heinig,Wo"]
[Black "Mannhart,M"]
[Result "0-1"]
[WhiteElo "2360"]
[BlackElo "2156"]

1.d4 Nf6 2.c4 Nc6 3.Nf3 e6 4.Nc3 Bb4 5.Qd3 d6 6.a3 Bxc3+ 7.Qxc3 Ne4 8.Qc2 f5
9.b4 Ne7 10.g3 O-O 11.Bg2 a5 12.b5 a4 13.O-O Ng6 14.c5 Bd7 15.Rb1 Qe8 16.b6 cxb6
17.Rxb6 Bc6 18.Nd2 d5 19.Nxe4 fxe4 20.f3 Qd7 21.Be3 e5 22.Rbb1 exf3 23.exf3 Rae8
24.Rfe1 Rf7 25.Qc3 Qf5 26.dxe5 Nxe5 27.Bf4 Rfe7 28.Bxe5 Rxe5 29.Rxe5 Qxe5
30.Qxe5 Rxe5 31.Kf2 d4 32.Rc1 Re3 33.Rc4 Rxa3 34.Rxd4 Ra2+ 35.Kg1 Rc2 36.Bh3 Rxc5
37.Bd7 Bxd7 38.Rxd7 Rb5 39.Rd8+ Kf7 40.Ra8 Rb4 41.Kf2 b5 42.Ke3 Ke6 43.Ra7 Kd5
44.f4 Rb3+ 45.Kd2 a3 46.Rxg7 Rb2+ 47.Kd3 b4 48.Rxh7 a2 49.Ra7 b3 50.Ra5+ Ke6
51.g4 Rb1 52.Ra6+ Kd5 53.Ra5+ Kd6 54.Ra6+ Kc5  0-1

[Event "Capo d'Orso"]
[Site "Porto Mannu PAL"]
[Date "2007.05.23"]
[Round "6"]
[White "Kosov,Ig"]
[Black "Chiarotto,F"]
[Result "0-1"]
[WhiteElo "1717"]
[BlackElo "2056"]

1.d4 Nf6 2.c4 Nc6 3.Nc3 e5 4.d5 Ne7 5.e4 Ng6 6.Bd3 Bc5 7.Nge2 Ng4 8.O-O Qh4
9.h3 Nxf2 10.Rxf2 Qxf2+ 11.Kh1 Nh4 12.Qg1 Qxg1+ 13.Nxg1 a6 14.Bg5 Ng6 15.Nf3 d6
16.Na4 Ba7 17.b4 h6 18.Bd2 Bd7  0-1

[Event "National Masters"]
[Site "Lisbon POR"]
[Date "2007.05.27"]
[Round "7"]
[White "Santos,An"]
[Black "Leonardo,Joa"]
[Result "1-0"]
[WhiteElo "2265"]
[BlackElo "2285"]

1.d4 Nc6 2.c4 Nf6 3.Nc3 e5 4.d5 Nb8 5.e4 Bc5 6.Bd3 d6 7.Na4 Bb4+ 8.Bd2 a5
9.Ne2 Bg4 10.f3 Bd7 11.Nec3 Bxa4 12.Nxa4 Qd7 13.Bc2 O-O 14.O-O Na6 15.Be3 Bc5
16.Qd2 Bxe3+ 17.Qxe3 b5 18.cxb5 Qxb5 19.b3 c5 20.Bd3 Qb8 21.Qe2 Nc7 22.Nb2 Nd7
23.Rab1 Nb6 24.Bb5 Nbxd5 25.Bc6 Nc3 26.Qd3 Nxb1 27.Bxa8 Na3 28.Bd5 Nxd5 29.Qxd5 Nc2
30.Nc4 Rd8 31.Qd2 Nb4 32.Nxa5 Qa7 33.Nc4 Qxa2 34.Qxa2 Nxa2 35.Ra1 Nc3 36.Nxd6 f6
37.Nb7 Rc8 38.Kf2 Rc7 39.Nd6 h5 40.Ra8+ Kh7 41.Ra6 Rd7 42.Ke1 Rd8 43.Rb6 Na2
44.Kd2 Kg6 45.h4 Kh7 46.Kc2 Rd7 47.Kb2 Nb4 48.Kc3 Rc7 49.Rb7 Rc6 50.Nf5 Ra6
51.Kc4 Nc2 52.Kxc5 Ra5+ 53.Kc4 Kh8 54.b4 Ra8 55.Kb3 Ne1 56.Nxg7 Nxg2 57.Nxh5 Rf8
58.Rg7 Nxh4 59.Rg3 f5 60.Rh3 Ng6 61.Nf4+ Kg7 62.Ne6+  1-0

[Event "XV Lasker Mem Open A"]
[Site "Barlinek POL"]
[Date "2007.06.06"]
[Round "5"]
[White "Bronowicki,M"]
[Black "Zeberski,J"]
[Result "1/2-1/2"]
[WhiteElo "2313"]
[BlackElo "2438"]

1.d4 Nf6 2.c4 Nc6 3.Nf3 e6 4.a3 d6 5.Nc3 g6 6.b4 Bg7 7.Bb2 O-O 8.b5 Ne7 9.g3 Nd7
10.Bg2 e5 11.dxe5 dxe5 12.Qc2 c6 13.O-O Nc5 14.Rfd1 Qc7 15.a4 Bf5 16.e4 Be6
17.Nd5 cxd5 18.cxd5 Bxd5 19.exd5 Nf5 20.Bxe5 Bxe5 21.Nxe5 Qxe5 22.Qxc5 Rfc8
23.Qb4 Nd6 24.Re1 Qf6 25.Rac1 Rxc1 26.Rxc1 Re8 27.b6  1/2-1/2

[Event "FSIMA June"]
[Site "Budapest HUN"]
[Date "2007.06.07"]
[Round "6"]
[White "Luch,M"]
[Black "Griffiths,R"]
[Result "1-0"]
[WhiteElo "2336"]
[BlackElo "2103"]

1.d4 Nf6 2.c4 Nc6 3.Nf3 e6 4.Nc3 Bb4 5.Qc2 d6 6.Bd2 O-O 7.a3 Bxc3 8.Bxc3 Re8
9.Rd1 Qe7 10.g3 e5 11.d5 Nb8 12.e4 Bg4 13.Bg2 a5 14.b3 Nbd7 15.h3 Bh5 16.O-O Nc5
17.Rde1 Nfd7 18.Ra1 Bg6 19.Nd2 Rf8 20.b4 axb4 21.axb4 Na6 22.Kh2 f5 23.exf5 Bxf5
24.Be4 Bxe4 25.Nxe4 Rae8 26.Rae1 h6 27.f4 Qd8 28.fxe5 Nxe5 29.Rxf8+ Rxf8
30.Bxe5 dxe5 31.Qc3 Qe8 32.b5 Nb8 33.Kg2 Nd7 34.c5 Nf6 35.Nxf6+ Rxf6 36.c6 bxc6
37.bxc6 e4 38.Qd4 Qf7 39.Qxe4 Rf2+ 40.Kg1 Rd2 41.Qe8+ Qxe8 42.Rxe8+ Kf7 43.Rc8 Rxd5
44.Rxc7+ Kf6 45.Kf2 Rc5 46.Rc8 Ke7 47.Ke3 Kd6 48.Ke4 Rc4+ 49.Kf5 Rc5+ 50.Kg4 g6
51.Rg8 Rg5+ 52.Kh4 Rh5+ 53.Kg4 Rg5+ 54.Kf4 Kxc6 55.g4 Kd7 56.h4 Ra5 57.Rxg6 Ra4+
58.Kf5 h5 59.g5 Rxh4 60.Rh6 Rh1 61.Kf6 h4 62.g6 Rf1+ 63.Kg7 Rg1 64.Kh8 Ke6
65.g7+ Kf5 66.Rxh4  1-0

[Event "FSIMB June"]
[Site "Budapest HUN"]
[Date "2007.06.08"]
[Round "7"]
[White "Adams,N"]
[Black "Goh Weiming"]
[Result "0-1"]
[WhiteElo "2218"]
[BlackElo "2375"]

1.d4 Nf6 2.c4 Nc6 3.e3 e5 4.d5 Ne7 5.Nc3 Ng6 6.a3 a5 7.Bd3 Bc5 8.Rb1 d6 9.Qc2 O-O
10.h4 c6 11.h5 Ne7 12.e4 Ng4 13.Nd1 f5 14.f3 fxe4 15.Bxe4 Nf6 16.Nc3 cxd5
17.cxd5 Nxe4 18.Nxe4 Bxg1 19.Rxg1 Nf5 20.Qf2 Nd4 21.Be3 Bf5 22.Bxd4 Bxe4
23.Bb6 Qd7 24.Rd1 Qb5 25.Bc7 Ra6 26.Qe3 Bxd5 27.h6 Rc6 28.Qd2 Bb3 29.Rc1 Rxc1+
30.Qxc1 Qd7 31.Bxa5 Rc8 32.Qe3 Bf7 33.Bc3 Qf5 34.Kf2 Re8 35.Re1 Re6 36.hxg7 Rg6
37.Re2 Bc4 38.Rd2 Qb1 39.Re2 Qh1  0-1

[Event "IV Open"]
[Site "Sanxenxo ESP"]
[Date "2007.06.16"]
[Round "1"]
[White "Alonso Gonzalez,F"]
[Black "De la Villa Garcia,J"]
[Result "0-1"]
[WhiteElo "1928"]
[BlackElo "2457"]

1.d4 Nf6 2.c4 Nc6 3.Nf3 e6 4.a3 d6 5.e3 g6 6.Nc3 Bg7 7.Be2 O-O 8.Rb1 e5 9.dxe5 dxe5
10.Qxd8 Rxd8 11.e4 Nd4 12.Bd1 c6 13.Bg5 Re8 14.Bxf6 Bxf6 15.O-O Be6 16.b3 Rad8
17.Rb2 Be7 18.Nxe5 Bxa3 19.Ra2 Bc5 20.Kh1 a6 21.f4 f6 22.Nd3 Nxb3 23.Nxc5 Nxc5
24.Be2 Rd4 25.Rc2 Bxc4 26.Bxc4+ Rxc4 27.Nd5 cxd5  0-1

[Event "11th Master Open"]
[Site "Voronezh RUS"]
[Date "2007.06.19"]
[Round "7"]
[White "Chuprikov,D"]
[Black "Peschansky,M"]
[Result "1-0"]
[WhiteElo "2394"]
[BlackElo "2279"]

1.d4 Nf6 2.c4 Nc6 3.Nf3 d6 4.Nc3 Bg4 5.d5 Nb8 6.e4 Nbd7 7.Be2 g6 8.Be3 Bg7
9.Nd2 Bxe2 10.Qxe2 c6 11.O-O O-O 12.h3 a6 13.a4 a5 14.Rac1 Rc8 15.Nb3 e6
16.dxe6 fxe6 17.Rfd1 Qc7 18.Rd2 Ne5 19.f4 Nf7 20.g4 Rce8 21.Rf1 Nd7 22.Rc2 Qd8
23.g5 b6 24.h4 Qe7 25.Rf2 d5 26.e5 h5 27.Nd4 Nd8 28.cxd5 exd5 29.Nxc6 Nxc6
30.Nxd5 Qd8 31.Rxc6 Nxe5 32.fxe5 Qxd5 33.Qc4 Qxc4 34.Rxc4 Rxe5 35.Rxf8+ Bxf8
36.Bxb6 Bb4 37.Kf2 Kf7 38.Be3 Ke6 39.Rc6+ Bd6 40.Bf4 Kd5 41.Rxd6+ Kxd6 42.Bxe5+ Kxe5
43.Ke3  1-0

[Event "IV Open"]
[Site "Sanxenxo ESP"]
[Date "2007.06.20"]
[Round "5"]
[White "Ramesh,R"]
[Black "Recuero Guerra,D"]
[Result "1/2-1/2"]
[WhiteElo "2453"]
[BlackElo "2372"]

1.d4 Nf6 2.c4 Nc6 3.Nf3 e6 4.a3 d6 5.Nc3 g6 6.e4 Bg7 7.h3 O-O 8.Bg5 h6 9.Be3 e5
10.d5 Nd4 11.Nxd4 exd4 12.Bxd4 Nxe4 13.Nxe4 Qh4 14.g4 Re8 15.Bg2 Bf5 16.O-O Bxe4
17.Bxg7 Bxg2 18.Kxg2 Kxg7 19.Qd4+ Qf6 20.Qxf6+ Kxf6 21.Rfe1 a5 22.b3 Rab8
23.a4  1/2-1/2

[Event "White Nights"]
[Site "St Petersburg RUS"]
[Date "2007.06.27"]
[Round "3"]
[White "Mironovich,M"]
[Black "Zhuravlev,M"]
[Result "1/2-1/2"]
[WhiteElo "1946"]
[BlackElo "2006"]

1.d4 Nf6 2.c4 Nc6 3.Nc3 e5 4.Nf3 exd4 5.Nxd4 Bb4 6.Nxc6 Bxc3+ 7.bxc3 bxc6
8.Ba3 d6 9.g3 O-O 10.Bg2 Bd7 11.O-O Re8 12.Qd3 Qe7 13.Rfe1 Rab8 14.e4 Bf5
15.Qd2 Nxe4 16.Bxe4 Bxe4 17.f3 f5 18.fxe4 fxe4 19.Qd4 e3 20.Re2 Qe4 21.Rae1 Rb1
22.Bc1 c5 23.Qd5+ Qxd5 24.cxd5 Re5 25.Rd1 g5 26.g4 h5 27.gxh5 Kh7 28.Kg2 Kh6
29.Kf3 Ra1 30.Rde1 Rxd5 31.Bxe3 Rxe1 32.Rxe1 Kxh5 33.Re2 Rd3 34.Rc2 a5 35.Ke4 c4
36.Bd4 c5 37.Bf2 Kg4 38.Bg3 Rd1 39.Ke3 Rd3+ 40.Ke2 Kf5 41.Be1 Ke4 42.Rd2 Re3+
43.Kd1 d5 44.Re2 g4 45.Kd2 Rxe2+ 46.Kxe2 a4 47.Bh4 d4 48.Bf6 Kd5 49.Be7 Kc6
50.Bg5 Kd5 51.Be7 Kc6 52.Kf2 Kd5 53.Kg3 Ke4 54.Bxc5 dxc3 55.Kxg4 Kd3 56.Kf5 Kc2
57.h4 Kb2 58.Bd4 Kxa2 59.Bxc3 Kb3 60.h5 Kxc3 61.h6 Kb2 62.h7 c3 63.h8=Q a3
64.Qb8+ Ka1 65.Qb3 a2 66.Qxc3+ Kb1 67.Qe1+ Kb2 68.Qd2+ Kb1 69.Qb4+ Ka1 70.Qa3 Kb1
71.Qd3+ Kb2 72.Qd4+ Kb1 73.Qb4+ Ka1 74.Qe1+ Kb2 75.Qd2+ Kb1  1/2-1/2